01441cam a22002293a 4500001000500000005001700005020001600022040003300038050001400071082000800085100001900093245006300112260003000175300004100205490002700246505000800273520083800281521002001119521002001139650002101159655003101180375520240509145417.0 a0553486241  aIHIcIHIdSLCdOCLdDLCbeng00aPZ7.B8344 a0741 aBryant, Bonnie10aHorse whispers :cBonnie Bryant.bListen with your heart / aNew York :bBantam,c1998 a136 pages :c20 cm.billustrations ; aSaddle Club vBook 74  aO  aThe Saddle Club is spending February vacation with the Devines at the Bar None Ranch. Colonel Devine has just bought some new horses and one of the mares reminds Carole of Cobalt, the first horse she really loved. Carole rides the mare and discovers that, while the mare has been trained, there is still something wild in her. Then the mare runs away. The Saddle Club finds her running with a herd of wild horses that lives on the Bar None land. They bring the mare back. She runs away again. They bring her back again, only to have her run away once more. Eventually, The Saddle Club and the Devines must face the fact that the mare wants to be in the wild--and that she belongs there. Carole's encounter with this free spirit teaches her something about herself, too. She has a very special talent--she's a natural horse whisperer.0 a640 bLexile 1 aO bRaz-Plus  0aHorsesvFiction. 7aYoung adult fiction.2lcsh